| 000 | 00515nam a2200145 a 4500 | ||
|---|---|---|---|
| 001 | 000038085 | ||
| 005 | 20201002031154.0 | ||
| 008 | 130313s2010 dr 000 0 spa d | ||
| 040 |
_aDO-SdBNP _bspa _cBNPHU |
||
| 100 | 1 |
_aFernández, María _964476 |
|
| 245 | 1 | 3 |
_aEstado de derecho : _bprincipios y fundamentos / _cMaría Fernández ; presentación Marcos Villamán. |
| 260 |
_aSanto Domingo : _bConsejo Nacional de Reforma del Estado (CONARE), _c2010. |
||
| 300 |
_a28 p. ; _c29 cm. |
||
| 700 | 1 |
_aVillamán, Marcos _9760 |
|
| 999 |
_c37575 _d37575 |
||